Music Quiz

Random Music or Billboard Quiz

#1 Title Songs From #1 Albums Quiz Stats

Quiz Updated Nov 27, 2011

Score 0/46 Timer 10:00
1 Play Today
Artist Song/Album % Correct
EaglesHotel California
66.9%
Don McLeanAmerican Pie
63.6%
MadonnaLike a Virgin
61.5%
The Beatles (Soundtrack)Help!
60.1%
Michael JacksonBad
58.1%
CĂ©line Dion (Soundtrack) *My Heart Will Go On (Love Theme from Titanic)/Titanic
57.4%
Bee Gees
(Soundtrack) *
Night Fever/Saturday Night Fever
52.9%
Robin ThickeBlurred Lines
51.2%
USA for AfricaWe Are the World
48.3%
Simon & Garfunkel Bridge over Troubled Water
44.9%
Isaac Hayes (Soundtrack) *Theme from Shaft/Shaft
43.8%
George MichaelFaith
43.8%
Kenny Loggins (Soundtrack)Footloose
43.3%
The Beatles (Soundtrack)A Hard Day's Night
42.8%
Britney Spears...Baby One More Time
42.3%
Coldplay *Viva la Vida/Viva la Vida or Death and All His Friends
41.2%
The Beatles Let It Be
40.6%
Los Lobos (Soundtrack)La Bamba
38.6%
Frankie Valli (Soundtrack)Grease
38.4%
Irene Cara (Soundtrack) *Flashdance... What a Feeling/Flashdance
35.6%
Paul McCartney & Wings Band on the Run
35.6%
Lady Gaga Born This Way
34.9%
Madonna Like a Prayer
29.8%
Artist Song/Album % Correct
Katy PerryTeenage Dream
29.5%
Jan Hammer
(TV Soundtrack)
Miami Vice
27.7%
Vangelis (Soundtrack)Chariots of Fire
27.2%
New Kids on the BlockHangin' Tough
21.8%
Ohio PlayersFire
21.8%
Madonna Music
21%
Barbara Streisand (Soundtrack)The Way We Were
20.7%
Louis Armstrong (Soundtrack)Hello Dolly!
19.9%
Barbara Streisand (Soundtrack) *Evergreen (Love Theme from A Star is Born)/A Star is Born
16.1%
Staff Sgt. Barry SadlerBallad of the Green Berets
16.1%
Usher Confessions
14.1%
The Beatles *Yesterday/Yesterday and Today
13.7%
Gordon LightfootSundown
13.2%
Paula Abdul Forever Your Girl
11.5%
Donna Summer Bad Girls
10.1%
Barry White *Can't Get Enough of Your Love Babe/ Can't Get Enough
10%
Bobbie Gentry Ode to Billie Joe
9.7%
Steve WinwoodRoll with It
9.2%
New Kids on the BlockStep by Step
9.2%
Eagles One of These Nights
8.2%
Frank Sinatra Strangers in the Night
7.6%
Janet JacksonAll for You
7.1%
Olivia Newton-JohnHave You Never Been Mellow
3.5%

You're not logged in!

Compare scores with friends on all Sporcle quizzes.
Sign Up with Email
OR
Log In

You Might Also Like...

Show Comments

Extras

Top Quizzes Today


Score Distribution

Your Account Isn't Verified!

In order to create a playlist on Sporcle, you need to verify the email address you used during registration. Go to your Sporcle Settings to finish the process.